000 00685nam a2200181 4500
008 260528b |||||||| |||| 00| 0 eng d
020 _a9789966590060
050 _aHQ770
_b .R63 2020
100 _aRobert Wafula
245 _aidentify and grow your child's talents :
_bThe sure bridge for career success /
_cDR. Wafula Robert
260 _aKenya Bungoma :
_bKibabii university press,
_c2020
300 _axvi,136 pages :
_billustration ;
_c22cm.
440 _aCBC compliant 2020
500 _aIdeal for Primary, Secondary and colleges student.
650 _aCompetency Based Curriculum
_zKenya
650 _aKenya Education
942 _2lcc
_cBOOKS
_hHQ770 .R63 2020
999 _c32447
_d32447